Представление документа в формате RUSMARC

ПолеНазваниеЗначение
  Тип записи a
  Библиографический уровень m
001 Контрольный номер RU/SLIB/B/208755973
005 Дата корректировки 20201206204152.9
010 Индекс ISBN __
d Цена 2-20
101 Язык документа 0_
a Язык текста rus
200 Заглавие и сведения об ответственности 1_
a Заглавие Взаимодействие художественных культур народов СССР
f Первые сведения об ответственности Червонная С. М. ; АХ СССР. Науч.-исслед. ин-т теории и истории изобраз. искусств
b Общее обозначение материала Текст
210 Выходные данные __
a Место издания М.
c Издательство Изобраз. искусство
d Дата издания 1982
215 Физическое описание __
a Объем 320 с.
c Иллюстрации/тип воспроизводства ил.
606 Тематические рубрики __
a Основная рубрика Изобразительное искусство и архитектура
606 Тематические рубрики __
a Основная рубрика История изобразительного искусства
y Географическая подрубрика СССР
610 Ключевые слова __
a Ключевые слова художественная культура; советское искусство; история искусства; произведения искусства; персоналии
686 Индексы других классификаций __
a Классификационный индекс 85.103(2)6; ст85.103(2)6
700 Автор _1
a Фамилия Червонная
b Имя С. М.
4 Код отношения 070
801 Источник записи _0
a Страна RU
b Организация Муниципальное бюджетное учреждение культуры "Централизованная библиотечная система" г. Сургут (Центральная городская библиотека им. А. С. Пушкина)
g Правила каталогизации КиК/Уланова
801 Источник записи _1
a Страна RU
b Организация Муниципальное бюджетное учреждение культуры "Централизованная библиотечная система" г. Сургут (Центральная городская библиотека им. А. С. Пушкина)
g Правила каталогизации КиК/Уланова
852 Данные о местонахождении __
j Шифр хранения 85.103(2)6
c Каталожный индекс 85.103(2)6
i Авторский знак Ч-45
p Инвентарный номер 13595
901 Тип документа __
t Тип документа m
990 Данные о заказе (DOS) __
j Количество экземпляров (DOS) 2